| 000 | 00884cab a22001815a 4500 | ||
|---|---|---|---|
| 001 | L144743 | ||
| 008 | 080807e20080710xxkao f 000 0 eng d | ||
| 035 | _a(Sirsi) u144743 | ||
| 041 | 0 | _aeng | |
| 100 | 1 | _aYoung, Alastair | |
| 245 | 0 | 0 | _aThird parties take the strain off the cash flow in a dispute |
| 260 | _c2008 | ||
| 490 |
_aConstruction News _v(7076) 10 July 2008, 28(1) |
||
| 520 | _aDiscusses third party dispute funding and states that while it can be a useful source of revenue during a period of financial pressure, there are negative aspects to consider (including high fees of 25-50% of recovered costs and the risk of being unsuccessful in your dispute and still having to pay a third party backer). | ||
| 651 | 4 |
_aUnited Kingdom _y |
|
| 690 | _aMANAGEMENT-DISPUTE AVOIDANCE, MANAGEMENT AND RESOLUTION-DISPUTE MANAGEMENT AND RESOLUTION-CASE MANAGEMENT | ||
| 942 | _n0 | ||
| 999 |
_c80565 _d80565 |
||